LEADER 02785nas 2200865-a 450 001 996321341203316 005 20230415213022.0 035 $a(OCoLC)49857525 035 $a(CKB)111056648141092 035 $a(CONSER)--2003243195 035 $a(NjHacI)99111056648141092 035 $a(DE-599)ZDB2046669-9 035 $a(EXLCZ)99111056648141092 100 $a20020523a20019999 s-- - 101 0 $aeng 135 $aurmn||||||||| 181 $ctxt$2rdacontent 182 $cc$2rdamedia 183 $acr$2rdacarrier 200 00$aEuropean cells & materials 210 $a[Glasgow] Scotland $cEuropean Cells & Materials$d[2001]- 210 3 $aDavos, Switzerland $cAO Research Institute 210 1$aGlasgow, Scotland :$cSwiss Society for Biomaterials,$d2001- 215 $a1 online resource 300 $aRefereed/Peer-reviewed 300 $aTitle from contents p. (viewed July 21, 2004). 300 $aUniversity of Wales presented as publisher for issues through <2003>, all issues reformatted with new publisher. 311 $a1473-2262 517 3 $aEuropean cells and materials 517 1 $aECM 517 1 $aEuropean cells and materials journal 531 $aEUROPEAN CELLS AND MATERIALS 531 $aEUR CELL MATER 531 $aEUR CELLS MATER 531 $aEUR. CELLS MATER 531 10$aEur Cell Mater 606 $aBiomedical materials$vPeriodicals 606 $aTissue engineering$2fast$3(OCoLC)fst01151484 606 $aCell culture$2fast$3(OCoLC)fst00850172 606 $aBiomedical materials$2fast$3(OCoLC)fst00832586 606 $atissue engineering 606 $acell culture 606 $aTissue engineering$vPeriodicals 606 $aCell culture$vPeriodicals 606 $aBiocompatible Materials 606 $abiocompatible materials 606 $aTissue Engineering 606 $aSurface Properties 606 $aCulture Techniques 608 $aPeriodical. 608 $aInternet resource. 608 $aPeriodicals.$2fast 615 0$aBiomedical materials 615 7$aTissue engineering. 615 7$aCell culture. 615 7$aBiomedical materials. 615 3$atissue engineering. 615 3$acell culture. 615 0$aTissue engineering 615 0$aCell culture 615 12$aBiocompatible Materials. 615 3$abiocompatible materials. 615 22$aTissue Engineering. 615 22$aSurface Properties. 615 22$aCulture Techniques. 676 $a610.28 712 02$aSwiss Society for Biomaterials. 712 02$aTissue and Cell Engineering Society. 712 02$aAOTrauma. 801 0$bNjHacI 801 1$bNjHacl 906 $aJOURNAL 912 $a996321341203316 996 $aEuropean cells & materials$92237977 997 $aUNISA LEADER 03276nam 2200697 a 450 001 9910806296703321 005 20200520144314.0 010 $a9786612342233 010 $a9781282342231 010 $a1282342231 010 $a9780470697825 010 $a0470697822 010 $a9780470697931 010 $a0470697938 035 $a(CKB)1000000000687333 035 $a(EBL)470061 035 $a(OCoLC)609848571 035 $a(SSID)ssj0000307116 035 $a(PQKBManifestationID)11205531 035 $a(PQKBTitleCode)TC0000307116 035 $a(PQKBWorkID)10243759 035 $a(PQKB)11400905 035 $a(MiAaPQ)EBC470061 035 $a(Au-PeEL)EBL470061 035 $a(CaPaEBR)ebr10297638 035 $a(CaONFJC)MIL234223 035 $a(Perlego)2774065 035 $a(EXLCZ)991000000000687333 100 $a20070423d2008 uy 0 101 0 $aeng 135 $aurcn||||||||| 181 $ctxt 182 $cc 183 $acr 200 00$aProject finance for construction & infrastructure $eprinciples & case studies /$fFrederik Pretorius ... [et al.] 205 $a1st ed. 210 $aOxford ;$aMalden, MA $cBlackwell Pub.$d2008 215 $a1 online resource (372 p.) 300 $aDescription based upon print version of record. 311 08$a9781405151276 311 08$a1405151277 320 $aIncludes bibliographical references (p. [348]-353) and index. 327 $aThe nature of project finance -- Complex transactions -- Financial evaluation -- Managing risk in project finance transactions -- Continuing evolution : from PF to PFI, PPP and beyond -- The relevance of sound demand in infrastructure project finance : the Sydney Cross City Tunnel -- Financial structure and infrastructure project finance : the Hong Kong Western Harbour crossing -- Institutional risks and infrastructure project finance : the Dabhol Power Project -- Extreme complexity in transacting : public private partnerships at work in the London Underground. 330 $aThis is a self-contained text on the logic and institutions of project finance, supplemented by a series of project finance case studies illustrating applications in different economic environments, across different jurisdictions and at different stages of development.It will introduce an analytical framework drawing on applied institutional economics that includes and concentrates primarily on an analysis of the institutional logic behind generic project finance arrangements.The application of the institutional framework will be demonstrated with project cases from Hong Kong, 606 $aProject management$xFinance 606 $aInfrastructure (Economics)$xFinance 606 $aConstruction projects$xFinance 606 $aPublic-private sector cooperation 615 0$aProject management$xFinance. 615 0$aInfrastructure (Economics)$xFinance. 615 0$aConstruction projects$xFinance. 615 0$aPublic-private sector cooperation. 676 $a624.068/1 701 $aPretorius$b F$g(Frederik)$0981818 801 0$bMiAaPQ 801 1$bMiAaPQ 801 2$bMiAaPQ 906 $aBOOK 912 $a9910806296703321 996 $aProject finance for construction & infrastructure$92240762 997 $aUNINA